| 000 | 00527nam a2200193Ia 4500 | ||
|---|---|---|---|
| 003 | OSt | ||
| 005 | 20260223151949.0 | ||
| 008 | 250729s2005 xx 000 0 und d | ||
| 040 | _cAL | ||
| 041 | _akan | ||
| 082 | _a510 PATV | ||
| 100 |
_aಪಾಟೀಲ ಆರ್ ಎಸ್ _9229556 |
||
| 245 | _aವಿಷಯಾಧಾರಿತ ಬೋಧನಾ ಪದ್ಧತಿ ಗಣಿತ | ||
| 260 |
_aಗದಗ _c2005 |
||
| 300 | _a293p | ||
| 650 |
_aMathematics _9229557 |
||
| 700 |
_aRao Digumurthi _9229558 |
||
| 942 |
_2ddc _cBED |
||
| 999 |
_c238371 _d238371 |
||